Aguas abiertas : y otros cuentos deportivos /

Surfistas, futbolistas, nadadoras, skaters y basquetbolistas se divierten, buscan al amor de su vida, compiten por el primer puesto, disfrutan de la naturaleza. Y practican deportes que hablan cada uno sueña.

Guardado en:
Autor Principal: Macjus, Cristina.
Otros Autores: Sanfelippo, Ana; il.
Formato: Libro
Idioma:Undetermined
Publicado: Madrid : SM, 2018.
Series:El barco de vapor ; 49
Materias:
Etiquetas: Agregar Etiqueta
Sin Etiquetas, Sea el primero en etiquetar este registro!
LEADER 00941nam a22002175a 4500
001 CEM.cems019733
008 221012s2018####sp############000#0#und#d
005 20221026111957.0
245 1 0 |a Aguas abiertas :  |b y otros cuentos deportivos /  |c Cristina Macjus ; ilustraciones Ana Sanfelippo. 
260 |a Madrid :  |b SM,  |c 2018. 
300 |a 79 p. ;  |c 20 cm. 
490 1 |a El barco de vapor ;  |v 49 
520 |a Surfistas, futbolistas, nadadoras, skaters y basquetbolistas se divierten, buscan al amor de su vida, compiten por el primer puesto, disfrutan de la naturaleza. Y practican deportes que hablan cada uno sueña. 
020 |a 9789877317275 
100 1 |a Macjus, Cristina. 
700 1 |a Sanfelippo, Ana; il. 
082 0 4 |a A863 
653 |a Literatura Infantil 
653 |a Literatura Juvenil 
859 |a CEMS  |b BIB. CEMS - Inicial y Primaria  |h A863.4  |i M189  |k IP  |p 6252  |t Ej.1 
859 |a CEMS  |b BIB. CEMS - Inicial y Primaria  |h A863.4  |i M189  |k IP  |p 6254  |t Ej.2